000 01161nam a2200313 c 4500
999 _c49173
_d49173
003 BLK
005 20211220095433.0
008 180408b bul|||||r ||||||| ||bul||
010 _aKNG00053022000
040 _aBLK
041 _aBUL
_cBUL
080 _aВенецуелска литература
_b821.134.2(87)
_x-31
_z821.134.2(87)-31
100 1 _aГалиегос, Ромуло
_eпърви автор
_950772
139 _aГалиегос, Ромуло
_bГ 18
245 1 0 _aДоня Барбара
_bРоман
_cРомуло Галиегос; прев. от исп. Цветан Георгиев.
257 _aVEN
260 _bНар. култура
_c1961
_aСофия
300 _a296 с.
_b1 л. портр.
_c20 см
380 _aX
490 1 _aБиблиотека Избрани романи
_v1961, № 3
500 _aОриг. загл. Dona Barbara. - 25 080 тир.
653 _aромани
700 1 _aГеоргиев, Цветан
_eпрев. от исп.
_9282597
852 _aЦб 19119
_bЦб
942 _cKNG
_n0
_s1
944 _aCR
_c13.09.2016
_kКети_Илиева
944 _aED
_c2021-12-20
_kРенета Константинова